| 000 | 00593nam a2200181 a 4500 | ||
|---|---|---|---|
| 001 | 000040763 | ||
| 005 | 20201002034348.0 | ||
| 008 | 130906s2008 sp 000 0 spa d | ||
| 020 | _a9788437602783 | ||
| 040 |
_aDO-SdBNP _bspa _cBNPHU |
||
| 100 | 1 |
_aShaw, Donald L. _967167 |
|
| 245 | 1 | 0 |
_aNueva narrativa hispanoamericana / _cDonald L. Shaw. |
| 260 |
_aMadrid : _bEdiciones Cátedra, _c2008. |
||
| 300 |
_a408 p. ; _c22 cm. |
||
| 500 | _aIncluye índice de autores e índice | ||
| 500 | _aIncluye datos biográficos del autor en la cubierta | ||
| 500 | _aIncluye notas al pie de las páginas | ||
| 999 |
_c40253 _d40253 |
||